The coast dwellers : Australians living on the edge /
Saved in:
| Main Author: | |
|---|---|
| Format: | Book |
| Language: | English |
| Published: |
Ringwood, Victoria :
Penguin Books Australia,
1994.
|
| Subjects: | |
| Tags: |
Add Tag
No Tags, Be the first to tag this record!
|
| LEADER | 00949aam a2200289 a 4500 | ||
|---|---|---|---|
| 001 | 006114879-2 | ||
| 005 | 20020606163548.3 | ||
| 008 | 950123s1994 at ab b 001 0 eng | ||
| 010 | |a 95107143 | ||
| 020 | |a 0140242066 | ||
| 035 | 0 | |a ocm34308596 | |
| 040 | |a DLC |c DLC | ||
| 043 | |a u-at--- | ||
| 050 | 0 | 0 | |a DU121 |b .D74 1994 |
| 082 | 0 | 0 | |a 306/.0994 |2 20 |
| 100 | 1 | |a Drew, Philip, |d 1943- | |
| 245 | 1 | 4 | |a The coast dwellers : |b Australians living on the edge / |c Philip Drew. |
| 260 | |a Ringwood, Victoria : |b Penguin Books Australia, |c 1994. | ||
| 300 | |a xiv, 193 p. : |b ill., maps ; |c 21 cm. | ||
| 500 | |a "A Penguin original"--P. [4] of cover. | ||
| 504 | |a Includes bibliographical references (p. 179-182) and index. | ||
| 650 | 0 | |a National characteristics, Australian. | |
| 650 | 0 | |a Popular culture |z Australia. | |
| 650 | 0 | |a Coasts |x Social aspects |z Australia. | |
| 651 | 0 | |a Australia |x Social life and customs. | |
| 988 | |a 20020608 | ||
| 906 | |0 DLC | ||


